1995 1371 1017 1902 1913 1891 1766 1203 1678 1728 1625 1467 1463 1665 1643 1500 1183 1307 1058 1175 1264 1825 1530 1276 1597 1609 1355 1183 1829 1211 1725 1107 1582 1108 1624 1612 1350 1917 1465 1088 1195 1283 1774 1369 1314 1073 1292 1947 1596 1515 1339 1107 1563 1570 1216 1089 1355 1964 1839 1731 1914 1190 1986 1079 1192 1801 1721 1220 1932 1312 1448 1560 1774 1932 1856 1765 1466 1975 1092 1032 1648 1816 1742 1652 1827 1822 1365 1077 1907 1751 1671 1531 1471 1588 1559 1848 1454 1575 1699 BCNSPRNW ULIB Ver.6.0+V

เปลี่ยนเป็นภาษาไทย

Change to English
 แสดงรายละเอียดบรรณานุกรม
  กลับหน้าหลัก

Brief Record : Get Marc (ISO 2709) : E-mail record : QR code < ปิดหน้าต่าง
LEADER : 00000nam 2200000uu 4500
001    13399111018
003     ULIB
008    110615s||||||||th 000 0 tha d
020    9789749869635
050 04 AG196^bน625W 2549
100 0  นิภาพัชร์ ปิ่นสุวรรณ
245 10 Where? รู้รอบสถานที่มหัศจรรย์ของโลก /^cนิภาพัชร์ ปิ่นสุวรรณ
250    พิมพ์ครั้งที่ 1
260    กรุงเทพฯ :^bอักษรเจริญทัศน์,^c2549
300    191 หน้า :^bภาพประกอบ
440  0 หนังสือเสริมการเรียนรู้ ชุด สรรพ์สาระของโลก
650  7 โลก^xภูมิประเทศและการท่องเที่ยว
650  7 ความรู้ทั่วไป
945    ^p170^l0^i020592
995    ทศพร
999 ^a ใช้งานได้ทุกระบบ
รายการนี้ยังไม่มีแท็ก
คุณยังไม่ได้ล็อกอิน คุณสามารถมีกิจกรรมร่วมกับเว็บไซต์ได้ แต่ต้องล็อกอินก่อน ::
  ล็อกอิน

รายการสื่อสารสนเทศ

ลำดับที่ ประเภท เลขเรียก/บาร์โค้ด สถานที่ สถานะ
- ไม่พบข้อมูล -

รายการใกล้เคียง
    ผู้แต่ง [นิภาพัชร์ ปิ่นสุวรรณ]

    หัวเรื่อง [ความรู้ทั่วไป]

BibComment


ยังไม่เคยถูกคอมเมนท์

คอมเมนท์ทรัพยากรรายการนี้
  คอมเมนท์: Where รู้รอบสถานท..


 Copyright 2026. Bcnsprnw @Library